Учнівські корпуси текстів в методиці викладання іноземних мов (Запис № 284993)

МАРК-запис
000 -LEADER
fixed length control field 02666nam a22001577a 4500
041 ## - LANGUAGE CODE
Language code of text/sound track or separate title ukr
080 ## - UNIVERSAL DECIMAL CLASSIFICATION NUMBER
Universal Decimal Classification number 09
090 ## - LOCALLY ASSIGNED LC-TYPE CALL NUMBER (OCLC); LOCAL CALL NUMBER (OCLC)
Local cutter number (OCLC) ; Book number/undivided call number, CALL (RLIN) ПАМ
100 ## - MAIN ENTRY--PERSONAL NAME
Personal name Пампурак А. М.
245 ## - TITLE STATEMENT
Title Учнівські корпуси текстів в методиці викладання іноземних мов
260 ## - PUBLICATION, DISTRIBUTION, ETC. (IMPRINT)
Place of publication, distribution, etc Острог
Name of publisher, distributor, etc КАФ
Date of publication, distribution, etc 2012
300 ## - PHYSICAL DESCRIPTION
Extent 93
520 ## - SUMMARY, ETC.
Summary, etc РОЗДІЛ 1 КОРПУСНА ЛІНГВІСТИКА. ОСОБЛИВОСТІ ПОНЯТТЯ ТА ОСНОВНІ КЛАСИФІКАЦІЇ ЕЛЕКТРОННИХ КОРПУСІВ ТЕКСТІВ<br/>1.1 Загальна характеристика корпусної лінгвістики та поняття електронного корпусу текстів<br/>1.2 Ознаки електронних корпусів. Анотування<br/>1.3 Приклади відомих корпусів текстів та їх основні класифікації<br/>РОЗДІЛ 2 ПОНЯТТЯ УЧНІВСЬКОГО КОРПУСУ. ОСНОВНІ ЕТАПИ ТА РЕЗУЛЬТАТИ РОБОТИ НАД СТВОРЕННЯМ КОРПУСУ УКРАЇНСЬКОЇ АНГЛІЙСЬКОЇ МОВИ (КУАМ)<br/>2.1 Історія виникнення, особливості поняття та характерні риси учнівського корпусу текстів<br/>2.2 Загальна характеристика найбільш відомих учнівських корпусів<br/>2.3 Вимоги до міжнародного навчального англомовного корпусу есе студентів ICLE та основні підсумки роботи над створенням КУАМ як частини його українського підкорпусу<br/>РОЗДІЛ 3 МОЖЛИВОСТІ ЗАСТОСУВАННЯ УЧНІВСЬКИХ КОРПУСІВ В МЕТОДИЦІ ВИКЛАДАННЯ ІНОЗЕМНИХ МОВ<br/>3.1 Можливості та переваги застосування електронних корпусів тестів<br/>3.2 Основні методи навчання. Особливості корпусного методу<br/>3.3 Формування лексичних навичок учнів та розробка практичних вправ на навчання лексики на основі матеріалів КУАМ<br/>3.4 Формування граматичної компетенції учнів. Приклади вправ на навчання граматики на базі корпусу КУАМ
-- учнівський корпус, викладання
650 ## - SUBJECT ADDED ENTRY--TOPICAL TERM
Topical term or geographic name as entry element Research Papers
942 ## - ADDED ENTRY ELEMENTS (KOHA)
Koha item type Книги
Фонди
Withdrawn status Lost status Source of classification or shelving scheme Damaged status Not for loan Home library Current library Date acquired Source of acquisition Cost, normal purchase price Total Checkouts Full call number Barcode Date last seen Price effective from Koha item type
    Universal Decimal Classification     ВІЛ - Відділ іноземн. літератури НБ ВІЛ - Відділ іноземн. літератури НБ 18/09/2012 Акт №5 1.00   09 215073 09/11/2021 18/09/2012 Книги